| 000 | 01143nam a22002777a 4500 | ||
|---|---|---|---|
| 005 | 2010101908158.0 | ||
| 008 | 101019t xxu||||| |||| 00| 0 hin d | ||
| 010 | _aHIN-94105 | ||
| 020 |
_c550.00 _a9788176753227 |
||
| 035 | _aHN-66451 | ||
| 037 | _bDBAD / PUB | ||
| 040 |
_aDPL _bHN |
||
| 082 | _a820.08 | ||
| 100 |
_923632 _aचौबे,देवेंद्र |
||
| 245 |
_aआलोचना का जनतंत्र / _cदेवेंद्र चौबे |
||
| 260 |
_aहरियाणा _bआधार प्रकाशन _c2011 |
||
| 270 |
_aएस.सी.एफ. 267,सेक्टर-16 पंचकुला _bहरियाणा _k134113 _e0172-2566952, 2520244 _maadhar-prakashan@yahoo.com |
||
| 300 | 1 |
_a424पृ. _c22सेमी (सजिल्द) |
|
| 650 | _9657 | ||
| 650 | _934273 | ||
| 700 | _934278 | ||
| 710 |
_934811 _a |
||
| 710 | _935049 | ||
| 942 |
_2ddc _cHN _h820.08 _mचौबेदे |
||
| 999 |
_c57167 _d57167 |
||